Biology Chapter 12 Prefixes and Suffixes - Statistics

General Stats
  • This quiz has been taken 16 times
  • The average score is 6 of 20
Answer Stats
Hint Answer % Correct
di-, dipl- two
100%
homo-, homos- same
80%
carcin- cancer
60%
tetr- four
60%
semi- half
60%
ign- fire
50%
noct-, noc- night
50%
alb- white
40%
oo- egg
30%
-less without
30%
extra- beyond
10%
-zyg- joined together
10%
mes- middle
10%
in- not
10%
hapl- simple
10%
mei- diminish
0%
-oid form
0%
-eous like
0%
-gam- marriage
0%
pheno- show
0%
No matching quizzes found
Score Distribution
Percent of People with Each Score
Percentile by Number Answered
Your Score History
You have not taken this quiz